00818nam a2200253Ia 450000500170000000800370001702000180005404100080007208200160008010000320009624500660012825000180019430000250021250000420023750400240027960000560030365000210035965000340038026400270041433600270044133700330046833800280050104000350052920220317001757.0170328s2013 s g 000 0 s a9788420674483 aspa04a340.1bV24h1 aVelasco Arroyo, Juan Carlos10aHabermasbel uso público de la razóncJuan Carlos Velasco a1a. edición a317 páginasc20 cm aIncluye datos biográficos del autor aIncluye biografía14aHabermas, Jurgend1929-xCritica e interpretación142LEMBaDemocracia142LEMBaFilosofía del derecho aMadridbAlianzacc2013 atextobtxt2rdacontent asin mediaciónbn2rdamedia avolumenbnc2rdacarrier aCO-BoRNBPbspaerdacCO-BoRNBP